The Flags of the South Korean Cities - Statistics

General Stats
  • This quiz has been taken 63 times
  • The average score is 12 of 16
Answer Stats
Picture Answer % Correct
Daegu
97%
Busan
95%
Seoul
95%
Suwon
95%
Incheon
86%
Cheongju
84%
Daejeon
84%
Gwangju
84%
Seongnam
84%
Ulsan
81%
Yongin
70%
Changwon
65%
Ansan
62%
Namyangju
62%
Goyang
59%
Bucheon
32%
No matching quizzes found
Score Distribution
Percent of People with Each Score
Percentile by Number Answered
Your Score History
You have not taken this quiz